<?xml version="1.0" encoding="UTF-8"?><?xml-stylesheet type="text/xsl" href="static/style.xsl"?><OAI-PMH xmlns="http://www.openarchives.org/OAI/2.0/" xmlns:xsi="http://www.w3.org/2001/XMLSchema-instance" xsi:schemaLocation="http://www.openarchives.org/OAI/2.0/ http://www.openarchives.org/OAI/2.0/OAI-PMH.xsd"><responseDate>2026-04-17T21:40:08Z</responseDate><request verb="GetRecord" identifier="oai:www.recercat.cat:10230/35175" metadataPrefix="marc">https://recercat.cat/oai/request</request><GetRecord><record><header><identifier>oai:recercat.cat:10230/35175</identifier><datestamp>2025-12-12T04:10:01Z</datestamp><setSpec>com_2072_6</setSpec><setSpec>col_2072_452952</setSpec></header><metadata><record xmlns="http://www.loc.gov/MARC21/slim" xmlns:dcterms="http://purl.org/dc/terms/" xmlns:xsi="http://www.w3.org/2001/XMLSchema-instance" xmlns:doc="http://www.lyncode.com/xoai" xsi:schemaLocation="http://www.loc.gov/MARC21/slim http://www.loc.gov/standards/marcxml/schema/MARC21slim.xsd">
   <leader>00925njm 22002777a 4500</leader>
   <datafield ind2=" " ind1=" " tag="042">
      <subfield code="a">dc</subfield>
   </datafield>
   <datafield ind2=" " ind1=" " tag="720">
      <subfield code="a">Carballar, Reyes</subfield>
      <subfield code="e">author</subfield>
   </datafield>
   <datafield ind2=" " ind1=" " tag="720">
      <subfield code="a">Canyelles, Maria de Lluc</subfield>
      <subfield code="e">author</subfield>
   </datafield>
   <datafield ind2=" " ind1=" " tag="720">
      <subfield code="a">Fernández, Claudia</subfield>
      <subfield code="e">author</subfield>
   </datafield>
   <datafield ind2=" " ind1=" " tag="720">
      <subfield code="a">Martí, Yasmina</subfield>
      <subfield code="e">author</subfield>
   </datafield>
   <datafield ind2=" " ind1=" " tag="720">
      <subfield code="a">Bonnin, Sarah</subfield>
      <subfield code="e">author</subfield>
   </datafield>
   <datafield ind2=" " ind1=" " tag="720">
      <subfield code="a">Castaño, Esther</subfield>
      <subfield code="e">author</subfield>
   </datafield>
   <datafield ind2=" " ind1=" " tag="720">
      <subfield code="a">Montanya, Eduard</subfield>
      <subfield code="e">author</subfield>
   </datafield>
   <datafield ind2=" " ind1=" " tag="720">
      <subfield code="a">Téllez, Noèlia</subfield>
      <subfield code="e">author</subfield>
   </datafield>
   <datafield ind2=" " ind1=" " tag="260">
      <subfield code="c">2018-07-17T07:38:15Z</subfield>
   </datafield>
   <datafield ind2=" " ind1=" " tag="260">
      <subfield code="c">2018-07-17T07:38:15Z</subfield>
   </datafield>
   <datafield ind2=" " ind1=" " tag="260">
      <subfield code="c">2017</subfield>
   </datafield>
   <datafield ind2=" " ind1=" " tag="520">
      <subfield code="a">β-cell proliferation is a rare event in adult pancreatic islets. To study the replication-related β-cell biology we designed a replicating β-cells sorting system for gene expression experiments. Replicating β-cells were identified by EdU incorporation and purified by flow cytometry. For β-cell separation islet cells were sorted by size, granularity and Newport Green fluorescence emission that was combined with emitted fluorescence for EdU-labelled replicating cells sorting. The purity of the resulting sorted populations was evaluated by insulin staining and EdU for β-cell identification and for replicating cells, respectively. Total RNA was isolated from purified cell-sorted populations for gene expression analysis. Cell sorting of dispersed islet cells resulted in 96.2% purity for insulin positivity in the collected β-cell fraction and 100% efficiency of the EdU-based cell separation. RNA integrity was similar between FACS-sorted replicating and quiescent β-cells. Global transcriptome analysis of replicating vs quiescent β-cells showed the expected enrichment of categories related to cell division and DNA replication. Indeed, key genes in the spindle check-point were the most upregulated genes in replicating β-cells. This work provides a method that allows for the isolation of replicating β-cells, a very scarce population in adult pancreatic islets.</subfield>
   </datafield>
   <datafield tag="653" ind2=" " ind1=" ">
      <subfield code="a">Cell growth</subfield>
   </datafield>
   <datafield tag="653" ind2=" " ind1=" ">
      <subfield code="a">Diabetes</subfield>
   </datafield>
   <datafield ind2="0" ind1="0" tag="245">
      <subfield code="a">Purification of replicating pancreatic β-cells for gene expression studies</subfield>
   </datafield>
</record></metadata></record></GetRecord></OAI-PMH>